Normal view
MARC view
Entry Personal Name
001 - CONTROL NUMBER
- control field: 57606
003 - CONTROL NUMBER IDENTIFIER
- control field: dpl
005 - DATE AND TIME OF LATEST TRANSACTION
- control field: 20230929124756.0
008 - FIXED-LENGTH DATA ELEMENTS
- fixed length control field: 230929|| aca||aabn | a|a d
040 ## - CATALOGING SOURCE
- Original cataloging agency: dpl
- Transcribing agency: dpl
100 ## - HEADING--PERSONAL NAME
- Personal name: Bhattacharya, M S
670 ## - SOURCE DATA FOUND
- Source citation: Work cat.: (dpl)198650: Bhattacharya, M S, Northeast in retrospect Bhutan sikkim and beyond /, 2014
